Central Library OPAC University of Rajshahi

Selected papers on philosophy / (Record no. 948)

MARC details
000 -LEADER
fixed length control field 00816nam a2200265 a 4500
001 - CONTROL NUMBER
control field 948
003 - CONTROL NUMBER IDENTIFIER
rucl marc code BD-RjUL
005 - DATE AND TIME OF LATEST TRANSACTION
control field 20211208233244.0
008 - FIXED-LENGTH DATA ELEMENTS--GENERAL INFORMATION
fixed length control field 131203r19471917enk 001 0 eng d
035 ## - SYSTEM CONTROL NUMBER
System control number (BD-RjUL)970
040 ## - CATALOGING SOURCE
Original cataloging agency BD-RjUL
Language of cataloging eng
Transcribing agency BD-RjUL
Modifying agency BD-RjUL
041 ## - LANGUAGE CODE
Language code of text/sound track or separate title eng
082 ## - DEWEY DECIMAL CLASSIFICATION NUMBER
Edition number 16
Classification number 100
Author mark and year JAS
100 1# - MAIN ENTRY--PERSONAL NAME
Personal name James, William,
Dates associated with a name 1842-1910.
9 (RLIN) 2806
245 10 - TITLE STATEMENT
Title Selected papers on philosophy /
Statement of responsibility, etc. by William James.
260 ## - PUBLICATION, DISTRIBUTION, ETC. (IMPRINT)
Place of publication, distribution, etc. London ;
Name of publisher, distributor, etc. Dent ;
Place of publication, distribution, etc. New York :
Name of publisher, distributor, etc. Dutton,
Date of publication, distribution, etc. 1917 [reprinted 1947,1961].
300 ## - PHYSICAL DESCRIPTION
Pagination xii, 276, 16,p.;
Size 18 cm.
490 1# - SERIES STATEMENT
Series statement Everyman's library ;
Volume/sequential designation 739
500 ## - GENERAL NOTE
General note Last 12 pp. [4, 8] are publisher's advertising material.
650 #0 - SUBJECT ADDED ENTRY--TOPICAL TERM
Topical term or geographic name as entry element Philosophy.
9 (RLIN) 2807
Topical term or geographic name as entry element Psychology.
9 (RLIN) 2808
830 #0 - SERIES ADDED ENTRY--UNIFORM TITLE
Volume number/sequential designation 739
Uniform title Everyman's library ;
942 ## - ADDED ENTRY ELEMENTS (KOHA)
Source of classification or shelving scheme Dewey Decimal Classification
Koha item type Books
Holdings
Lost status Source of classification or shelving scheme Damaged status Not for loan Collection code Permanent Location Current Location Shelving location Date acquired Source of acquisition Cost, normal purchase price Total Checkouts Full call number Date last seen Copy number Koha item type
  Dewey Decimal Classification     Non-fiction Central Library, University of Rajshahi Central Library, University of Rajshahi   16/02/1963 Zeitlinger 7.60   100 JAS 1961 24/11/2013 C-3 Books
  Dewey Decimal Classification     Non-fiction Central Library, University of Rajshahi Central Library, University of Rajshahi Reading Room 27/09/1955 B.H Black well 56.00   100 JAS 1947 24/11/2013 C-1 Books
  Dewey Decimal Classification     Non-fiction Central Library, University of Rajshahi Central Library, University of Rajshahi   16/02/1963 Zeitlinger 7.60   100 JAS 1961 24/11/2013 C-2 Books